书目信息 |
| 题名: |
信息组织
|
|
| 作者: | 马张华 编著 | |
| 分册: | ||
| 出版信息: | 北京 清华大学出版社 2001.11 |
|
| 页数: | 314页 | |
| 开本: | 24cm | |
| 丛书名: | ||
| 单 册: | ||
| 中图分类: | G203 | |
| 科图分类: | ||
| 主题词: | 信息论 , 传播学 | |
| 电子资源: | ||
| ISBN: | 7-302-04650-6 | |
| 000 | 00549nam0 2200205 45 | |
| 001 | 0260561705 | |
| 005 | 2002052016492170 | |
| 010 | @a7-302-04650-6@dRMB 28.00 | |
| 100 | @a20020520d2001 km y0chiy0120 ea | |
| 101 | 0 | @achi |
| 102 | @aCN@b110000 | |
| 200 | 1 | @a信息组织@Axin xi zu zhi@f马张华编著@Fma zhang hua bian zhu |
| 210 | @a北京@c清华大学出版社@d2001.11 | |
| 215 | @a314页@d24cm | |
| 606 | 0 | @a信息论 |
| 606 | 0 | @a传播学 |
| 690 | @aG203@v3 | |
| 701 | 0 | @a马张华@Ama zhang hua@4编著 |
| 801 | 0 | @aCN@bPFT@c20020520 |
| 905 | @a10447@dG203@eM241 | |
| 信息组织/马张华编著.-北京:清华大学出版社,2001.11 |
| 314页;24cm |
| ISBN 7-302-04650-6:RMB 28.00 |
| ● |
| 相关链接 |
|
|
|
正题名:信息组织
索取号:G203/M241
 
预约/预借
| 序号 | 登录号 | 条形码 | 馆藏地/架位号 | 状态 | 备注 |
| 1 | 354769 | 203547698 | 社科库409/409社科库 57排2列2层/ [索取号:G203/M241] | 在馆 | |
| 2 | 354770 | 203547705 | 社科库409/409社科库 57排1列5层/ [索取号:G203/M241] | 在馆 |